Бюллетень сибирской медицины. Т. 12, № 4: Материалы 10-го Международного конгресса "Регуляция объема клетки: новые терапевтические мишени и фармакологические подходы" (Запись № 10376263)
[ простой вид ]
| 000 -МАРКЕР | |
|---|---|
| контрольное поле | 01520nam2a22002651 4500 |
| 001 - ИДЕНТИФИКАТОР ЗАПИСИ | |
| контрольное поле | RU\NLR\Per\987982 |
| 005 - ИДЕНТИФИКАТОР ВЕРСИИ | |
| контрольное поле | 20250614014243.0 |
| 035 ## - ДРУГИЕ СИСТЕМНЫЕ НОМЕРА | |
| Идентификатор записи | (NLR Aleph) 010236109 |
| 100 ## - ДАННЫЕ ОБЩЕЙ ОБРАБОТКИ | |
| Данные общей обработки | 20131113d2013 |||y0rusy50 ca |
| 101 0# - ЯЗЫК РЕСУРСА | |
| Язык текста, звукозаписи и т.д. | русский |
| 102 ## - СТРАНА ПУБЛИКАЦИИ ИЛИ ПРОИЗВОДСТВА | |
| Страна публикации | Российская Федерация |
| 105 ## - ПОЛЕ КОДИРОВАННЫХ ДАННЫХ: ТЕКСТОВЫЕ МАТЕРИАЛЫ, МОНОГРАФИЧЕСКИЕ | |
| Кодированные данные о монографическом текстовом документе | y ||||||||| |
| 200 1# - ЗАГЛАВИЕ И СВЕДЕНИЯ ОБ ОТВЕТСТВЕННОСТИ | |
| Основное заглавие | Материалы 10-го Международного конгресса "Регуляция объема клетки: новые терапевтические мишени и фармакологические подходы" |
| 210 ## - ПУБЛИКАЦИЯ, РАСПРОСТРАНЕНИЕ И ДР. | |
| Дата издания, распространения и т.д. | 2013 |
| Место издания, распространения и т.д. | Б. м. |
| 300 ## - ОБЩИЕ ПРИМЕЧАНИЯ | |
| Текст примечания | Темат. вып. |
| 461 #0 - УРОВЕНЬ НАБОРА | |
| Встроенное поле | 001RU\NLR\INFOCOMM19\1000020255 |
| -- | 2001#$aБюллетень сибирской медицины$dBulletin of siberian medicine$eНауч.-практ. журн.$fСиб. гос. мед. ун-т$zeng$vТ. 12, № 4 |
| Системный номер (АБИС) связанной записи | 2465859 |
| Место публикации | Томск |
| Дата публикации | 2002 - |
| Первые сведения об ответственности | Сиб. гос. мед. ун-т |
| Параллельное заглавие | Bulletin of siberian medicine |
| Имя издателя, распространителя и т.д. | Печ. мануфактура |
| Сведения, относящиеся к заглавию | Науч.-практ. журн. |
| Заглавие | Бюллетень сибирской медицины |
| ISSN | 1682-0363 |
| Номер тома | Т. 12, № 4 |
| 710 12 - НАИМЕНОВАНИЕ ОРГАНИЗАЦИИ - ПЕРВИЧНАЯ ОТВЕТСТВЕННОСТЬ | |
| Начальный элемент ввода | "Регуляция объема клетки: новые терапевтические мишени и фармакологические подходы", международный конгресс |
| Порядковый номер временной организации и / или порядковый номер ее части | 10 |
| Место проведения временной организации | Москва |
| Дата проведения временной организации | 2013 |
| Системный номер авторитетной/нормативной записи | 386457 |
| Идентификатор авторитетной/нормативной записи | RU\NLR\AUTH\880359599 |
| 801 #1 - ИСТОЧНИК ЗАПИСИ | |
| Страна | Российская Федерация |
| Организация | InfoComm |
| Дата составления | 20040116 |
| 801 #0 - ИСТОЧНИК ЗАПИСИ | |
| Страна | Российская Федерация |
| Организация | NLR |
| Правила каталогизации | PSBO |
| 852 ## - МЕСТОНАХОЖДЕНИЕ И ШИФР ХРАНЕНИЯ | |
| Идентификатор организации | NLR |
| Шифр хранения (Call Number) | П17/887 |
| 942 ## - ДОПОЛНИТЕЛЬНЫЕ ЭЛЕМЕНТЫ ЗАПИСИ (АБИС) | |
| Тип экземпляра АБИС | Выпуск |
| 980 ## - КОЛЛЕКЦИЯ | |
| Название коллекции | Национальная библиография |
| 980 ## - КОЛЛЕКЦИЯ | |
| Название коллекции | Русская периодика |
Нет доступных экземпляров.